|
|
|
|
| LEADER |
00000nam0a2200000 4500 |
| 001 |
253328 |
| 005 |
20231101232831.0 |
| 010 |
|
|
|a 5020032778
|
| 020 |
|
|
|a RU
|b 89-37101
|
| 035 |
|
|
|a (RuTPU)RU\TPU\book\275714
|
| 090 |
|
|
|a 253328
|
| 100 |
|
|
|a 20140313d1989 k a0rusy5003 ca
|
| 101 |
0 |
|
|a rus
|
| 102 |
|
|
|a RU
|
| 105 |
|
|
|a a z 001zy
|
| 200 |
1 |
|
|a Развитие крупномасштабной картографии в России
|f А. В. Постников
|g Академия наук СССР (АН СССР), Институт истории естествознания и техники (ИИЕТ АН СССР) ; под ред. И. А. Федосеева
|
| 210 |
|
|
|a Москва
|c Наука
|d 1989
|
| 215 |
|
|
|a 227 с.
|c ил.
|e Прил. (1 л. ил.)
|
| 320 |
|
|
|a Библиогр.: с. 212-223.
|
| 320 |
|
|
|a Указ. имен: с. 224-228.
|
| 606 |
1 |
|
|a Картография
|2 stltpush
|3 (RuTPU)RU\TPU\subj\39381
|9 59494
|
| 610 |
1 |
|
|a Россия
|
| 610 |
1 |
|
|a история
|
| 610 |
1 |
|
|a картографирование
|
| 610 |
1 |
|
|a 18 век
|
| 610 |
1 |
|
|a 19 век
|
| 610 |
1 |
|
|a 20 век
|
| 610 |
1 |
|
|a топографическая съемка
|
| 675 |
|
|
|a 528.9
|z rus
|
| 700 |
|
1 |
|a Постников
|b А. В.
|g Алексей Владимирович
|
| 702 |
|
1 |
|a Федосеев
|b И. А.
|4 340
|
| 712 |
0 |
2 |
|a Академия наук СССР (АН СССР)
|b Институт истории естествознания и техники (ИИЕТ АН СССР)
|c (Москва)
|2 stltpush
|3 (RuTPU)RU\TPU\col\8662
|
| 801 |
|
0 |
|a RU
|b RuMRKP
|c 19950417
|g psbo
|
| 801 |
|
1 |
|a RU
|b 63413507
|c 20140313
|
| 801 |
|
2 |
|a RU
|b 63413507
|c 20141030
|g RCR
|
| 942 |
|
|
|c BK
|